000 00492nam a22001577a 4500
020 _a978-1-56990-825-9
082 _a620.118
_bLEN
100 _aLengsfeld, Hauke
245 _aComposite technology :
_bPrepregs and Monolithic Part Fabrication Technologies /
_cHauke Lengsfeld
250 _aSecond Edition
260 _aGermany :
_bHanser,
_c2021.
300 _axxi, 245 p :
563 _aHB
700 _aJavier Lacalle, Thomas Neumeyer, Volker Altstadt,
_9112501
942 _2ddc
_cBK
999 _c594834
_d594834